000 00624cam a22002053a 4500
001 35000
003 PGUSA
005 20140828083744.0
008 110118s2011||||xxu|||||s|||||000 | eng d
040 _aPGUSA
_beng
042 _adc
100 1 _aFletcher, John,
_d1579-1625
245 1 4 _aThe Mad Lover :
_bThe Works of Francis Beaumont and John Fletcher (3 of 10)
_h[electronic resource] /
_cJohn Fletcher
260 _bProject Gutenberg,
_c2011
506 _aPublic domain in the USA.
516 _aElectronic text
830 0 _aProject Gutenberg
_v35000
856 4 0 _uhttp://www.gutenberg.org/ebooks/35000
942 _cEB
999 _c264255
_d264255